MARC

LEADER 00000nam0a2200000 4500
001 137085
005 20231031140905.0
035 |a (RuTPU)RU\TPU\book\148572 
090 |a 137085 
100 |a 20080505d1969 km y0rusy50 ca 
101 0 |a rus 
102 |a RU 
105 |a a z 001zy 
200 1 |a Испытание гидропередач  |f Ю. Ф. Пономаренко 
210 |a Москва  |c Машиностроение  |d 1969 
215 |a 292 с.  |c ил. 
320 |a Библиогр.: с. 287-290. 
610 1 |a гидроприводы 
610 1 |a гидравлические приводы 
610 1 |a гидравлические передачи 
610 1 |a испытания 
610 1 |a измерительные устройства 
610 1 |a динамические свойства 
610 1 |a исследования 
610 1 |a стенды 
610 1 |a оборудование 
610 1 |a аппаратура 
610 1 |a амплитудно-частотная характеристика 
675 |a 621.28  |v 3 
675 |a 621.85  |v 3 
700 1 |a Пономаренко  |b Ю. Ф.  |g Юрий Филлипович 
801 1 |a RU  |b 63413507  |c 20080505  |g PSBO 
801 2 |a RU  |b 63413507  |c 20221019  |g PSBO 
942 |c BK